| 000 | 00685nam a2200205 i 4500 | ||
|---|---|---|---|
| 001 | 22555 | ||
| 003 | ES-MaACL | ||
| 005 | 20250626202722.0 | ||
| 007 | t| | ||
| 008 | 021203s1977 sp ||||1| spa d | ||
| 100 | 1 |
_aAlonso Hinojal, Isidoro. _920342 |
|
| 245 | 1 | 0 |
_aSociología de la medicina _b: aspectos técnicos y empíricos / _cIsidoro Alonso Hinojal ; con la colaboración de Francisco Martínez López. |
| 260 |
_aMadrid : _bTecnos, _c[1977] |
||
| 300 |
_a201 p. ; _c24 cm. |
||
| 490 | 1 | _aSemilla y surco | |
| 700 | 1 |
_aMartínez López, Francisco. _978189 |
|
| 830 | 0 |
_aSemilla y surco _9177965 |
|
| 852 |
_aES-MaACL _jA-7733 _bR.96843 |
||
| 999 |
_c22555 _d22555 |
||